000
00327pam a2200133a 44500
008
230405s2017 xxu||||| |||| 00| 0 eng d
041
_a
ENG
100
_a
DR.S.B.BHISE
245
_a
ANATOMY,PHYSIOLOGY AND HEALTH EDUCATION
250
_a
11
260
_a
_b
NIRALI PRAKESHN PUNE PUNE
_c
2017
300
_a
10.13
906
_a
5104
999
_c
270543
_d
270543